LEADER 00884cam0-2200325---450- 001 990004173350403321 005 20141007130142.0 010 $a88-04-37950-2 035 $a000417335 035 $aFED01000417335 035 $a(Aleph)000417335FED01 035 $a000417335 100 $a19990604d1997----km-y0itay50------ba 101 0 $aita 102 $aIT 105 $a--------001cy 200 1 $aSaggi e viaggi$fEmilio Cecchi$ga cura di Margherita Ghilardi 210 $aMilano$cMondadori$d1997 215 $aLX, 1971 p.$d18 cm 225 1 $a<>meridiani 676 $a854.912 700 1$aCecchi,$bEmilio$f<1884-1966>$037550 702 1$aGhilardi,$bMargherita 801 0$aIT$bUNINA$gRICA$2UNIMARC 901 $aBK 912 $a990004173350403321 952 $a854.912 CEC 1$bBibl.25998$fFLFBC 959 $aFLFBC 996 $aSaggi e viaggi$9234348 997 $aUNINA LEADER 02361nas 2200745- 450 001 996216322503316 005 20230518213020.0 011 $a1588-2659 035 $a(DE-599)ZDB2110475-X 035 $a(OCoLC)567441129 035 $a(CKB)110978976471217 035 $a(CONSER)--2011234196 035 $a(EXLCZ)99110978976471217 100 $a20100323a19669999 --- - 101 0 $aeng 135 $aurbn||||||abp 135 $aurbn||||||ada 181 $ctxt$2rdacontent 182 $cc$2rdamedia 183 $acr$2rdacarrier 200 00$aActa oeconomica $eperiodical of the Hungarian Academy of Sciences 210 1$aBudapest :$cAkadémiai Kiadó,$d1966- 215 $a1 online resource 300 $aRefereed/Peer-reviewed 311 $a0001-6373 320 $aIncludes bibliographical references. 517 1 $aActa oeconomica Academiae Scientiarum Hungaricae 531 $aACTA OECON 531 $aACTA. OECON 531 0 $aActa oecon. 606 $aEconomics$vPeriodicals 606 $aÉconomie politique$vPériodiques 606 $aEconomic history$2fast$3(OCoLC)fst00901974 606 $aEconomic policy$2fast$3(OCoLC)fst00902025 606 $aEconomics$2fast$3(OCoLC)fst00902116 606 $aEconomie$2gtt 606 $aVolkswirtschaft$2stw 606 $aWirtschaftspolitik$2stw 606 $aWirtschaftswissenschaft$2stw 606 $aTheorie$2stw 606 $aUngarn$2stw 607 $aHungary$xEconomic conditions$y1945-$vPeriodicals 607 $aHungary$xEconomic policy$y1945-$vPeriodicals 607 $aHongrie$xConditions économiques$y1945-$vPériodiques 607 $aHongrie$xPolitique économique$y1945-$vPériodiques 607 $aHungary$2fast 608 $aPeriodicals.$2fast 615 0$aEconomics 615 6$aÉconomie politique 615 7$aEconomic history. 615 7$aEconomic policy. 615 7$aEconomics. 615 17$aEconomie. 615 7$aVolkswirtschaft. 615 7$aWirtschaftspolitik. 615 7$aWirtschaftswissenschaft. 615 7$aTheorie. 615 7$aUngarn. 676 $a330.9439 712 02$aMagyar Tudományos Akadémia, 712 02$aMagyar Tudományos Akadémia.$bKözgazdaságtudományi Intézet, 906 $aJOURNAL 912 $a996216322503316 996 $aActa oeconomica$9802410 997 $aUNISA LEADER 01832nas 2200577-a 450 001 9910634386803321 005 20240413015736.0 035 $a(CKB)5590000000525182 035 $a(CONSER)--2006205068 035 $a(EXLCZ)995590000000525182 100 $a20060131b20062007 --- a 101 0 $aeng 181 $ctxt$2rdacontent 182 $cc$2rdamedia 183 $acr$2rdacarrier 200 00$aICIS chemical business$iEurope, Middle East, Asia 205 $aEurope, Middle East, Asia ed. 210 $aSurrey, England $cICIS Publications$d©2006- 215 $a1 online resource 311 $aPrint version: ICIS chemical business. (DLC) 2006205068 (OCoLC)63199174 1750-1504 517 3 $aChemical business. 517 1 $aEurope, Middle East, Asia 606 $aChemical industry$vPeriodicals 606 $aChemical industry$zAsia$vPeriodicals 606 $aChemical industry$zEurope$vPeriodicals 606 $aIndustries chimiques$vPériodiques 606 $aIndustries chimiques$zAsie$vPériodiques 606 $aIndustries chimiques$zEurope$vPériodiques 606 $aChemical industry$2fast 607 $aAsia$2fast 607 $aEurope$2fast 608 $aPeriodicals.$2fast 610 00$amarketing 610 00$achemische industrie 610 00$achemical industry 610 10$aMarketing (General) 610 10$aMarketing (algemeen) 615 0$aChemical industry 615 0$aChemical industry 615 0$aChemical industry 615 6$aIndustries chimiques 615 6$aIndustries chimiques 615 6$aIndustries chimiques 615 7$aChemical industry. 676 $a338.4766005 686 $a83.67$2bcl 906 $aJOURNAL 912 $a9910634386803321 920 $aexl_impl conversion 996 $aICIS chemical business$9796199 997 $aUNINA